Russian punctuation & related symbols : a guide for English speakers /

Bibliographic Details
Main Author: Vajda, Edward J.
Other Authors: Umanets, Valentina, 1939-1998
Format: Book
Language:English
Published: Bloomington, Ind. : Slavica Publishers, 2004.
Subjects:
Online Access:Table of contents

MARC

Tag First Indicator Second Indicator Subfields
LEADER 00000pam a2200000 a 4500
001 in00002107421
005 20151102190635.0
008 031031s2004 inu b 001 0 eng
010 |a  2003023991 
020 |a 0893572756 
035 |a (OCoLC)ocm53356628 
040 |a DLC  |c DLC  |d BAKER  |d UtOrBLW 
049 |a TXAM 
050 0 0 |a PG2450  |b .V28 2004 
082 0 0 |a 491.782/421  |2 22 
100 1 |a Vajda, Edward J. 
245 1 0 |a Russian punctuation & related symbols :  |b a guide for English speakers /  |c Edward Vajda & Valentina Umanets. 
246 3 |a Russian punctuation and related symbols 
264 1 |a Bloomington, Ind. :  |b Slavica Publishers,  |c 2004. 
300 |a xiii, 249 pages ;  |c 24 cm. 
336 |a text  |b txt  |2 rdacontent 
337 |a unmediated  |b n  |2 rdamedia 
338 |a volume  |b nc  |2 rdacarrier 
504 |a Includes bibliographical references (pages [242]-243) and index. 
505 0 |a Basic sentence structure -- Secondary sentence elements -- The complex sentence -- The compound sentence -- Overview of sentence types -- Beginning and end punctuation -- The comma of enclosure -- The comma of separation -- The semicolon -- The colon -- The dash -- Parentheses and brackets -- Quotation marks -- Punctuating direct speech -- Symbols used as spelling devices -- Symbols used with numbers -- Symbols used to format texts. 
650 0 |a Russian language  |x Punctuation. 
650 0 |a Russian language  |x Sentences. 
650 0 |a Russian language  |v Textbooks for foreign speakers  |x English. 
700 1 |a Umanets, Valentina,  |d 1939-1998. 
856 4 1 |3 Table of contents  |u http://www.loc.gov/catdir/toc/ecip0410/2003023991.html  |t 0 
938 |a Baker & Taylor  |b BKTY  |c 24.95  |d 24.95  |i 0893572756  |n 0004358164  |s active 
948 |a cataloged  |b cmulkey  |c 2006/4/7  |d 9:08:24 am 
994 |a C0  |b TXA 
999 |a MARS 
999 f f |s e2ee0a75-f8ed-3bfc-8017-280f3c315cd2  |i 7cd0d227-0c4b-34ab-8787-73c000a7ad89  |t 0 
952 f f |p ric  |a Texas A&M University  |b Rellis Campus  |c Joint Library Facility  |s JLF  |d Remote Storage  |t 0  |e PG2450 .V28 2004  |h Library of Congress classification  |i unmediated -- volume  |m A14834032109 
998 f f |a PG2450 .V28 2004  |t 0  |l Remote Storage